Reprezentacje piłkarskie, które przegrały wszystkie mecze w 2025 roku - Statystyki

Ogólne statystyki
  • Ten quiz został rozwiązany 45 razy
  • Średni wynik to 3 z 14
Statystyki odpowiedzi
Reprezentacja Konfederacja Wygrana Remis Porażka % Poprawnych
San Marino UEFA 0 0 10
93%
Gibraltar UEFA 0 0 10
62%
Liechtenstein UEFA 0 0 10
60%
Fidżi OFC 0 0 5
19%
Wyspy Salomona OFC 0 0 2
12%
Bahamy CONCACAF 0 0 2
7%
Belize CONCACAF 0 0 4
7%
Antigua i Barbuda CONCACAF 0 0 2
5%
Dżibuti CAF 0 0 7
5%
Makau AFC 0 0 1
5%
Seszele CAF 0 0 6
5%
Tahiti OFC 0 0 1
5%
Chińskie Tajpej AFC 0 0 6
2%
Kajmany CONCACAF 0 0 2
2%
Nie znaleziono quizów pasujących do podanych kryteriów
Rozkład punktacji
Procent ludzi z każdym wynikiem
Percentyl według liczby udzielonych odpowiedzi
Twoja historia wyników
Nie rozwiązałeś tego quizu